000
00242nam a22000977a 4500
999
_c
521380
_d
521380
082
_a
TNC B136X54 R246
100
_a
Reddy, G Narayana
_9
35127
245
_a
Rural Dynamics and Development
260
_a
Civil lines
_b
Chugh
_c
1986
300
_a
135p.